MARC

LEADER 00000naa2a2200000 4500
001 670980
005 20240312103903.0
090 |a 670980 
100 |a 20240228d2023 k||y0rusy50 ca 
101 0 |a rus 
102 |a RU 
135 |a drcn ---uucaa 
200 1 |a Измерение температуры гидратного пласта с использованием Planar Laser Induced Fluorescence  |f Е. Р. Подгорная, Н. Е. Шлегель, П. А. Стрижак  |g науч. рук. П. А. Стрижак ; Национальный исследовательский Томский политехнический университет 
225 |a Теплофизические аспекты энергетических технологий 
283 |2 RDAcarrier 
320 |a Список использованных источников: с. 174 
336 |a Текстовый файл 
463 1 |0 670860  |9 670860  |c Томск  |d 2023  |n Изд-во ТПУ  |o сборник статей III Всероссийской с международным участием молодёжной конференции, 12-14 декабря 2023 г., Томск  |p 1 файл (49,5 Мб, 606 с.)  |t Бутаковские чтения  |a Ивашутенко, А. С. (специалист в области электротехники ; 1981-)  |u conference_tpu-2023-C133.pdf  |v С. 171-174 
610 1 |a труды учёных ТПУ 
610 1 |a электронный ресурс 
610 1 |a лед 
610 1 |a ледовые агломераты 
610 1 |a температура 
700 1 |a Подгорная  |b Е. Р.  
701 1 |a Шлегель  |b Н. Е.  |c специалист в области теплоэнергетики  |c инженер-исследователь Томского политехнического университета  |f 1995-  |g Никита Евгеньевич  |9 22330 
701 1 |a Стрижак  |b П. А.  |c специалист в области теплоэнергетики  |c профессор Томского политехнического университета, доктор физико-математических наук  |f 1985-  |g Павел Александрович  |9 11832 
702 1 |a Стрижак  |b П. А.  |c специалист в области теплоэнергетики  |c профессор Томского политехнического университета, доктор физико-математических наук  |f 1985-  |g Павел Александрович  |4 727 
712 0 2 |a Национальный исследовательский Томский политехнический университет  |c (2009- )  |9 26305 
801 0 |a RU  |b 63413507  |c 20240228 
850 |a 63413507 
856 |u http://earchive.tpu.ru/handle/11683/77604  |z http://earchive.tpu.ru/handle/11683/77604 
942 |c CF